000 00680nam a2200229 a 4500
001 50678
003 BD-RjUL
005 20211209075539.0
008 160828m19601944enka 001 0 eng
035 _a(BD-RjUL)50798
040 _aDLC
_cCarP
_dDLC
_dBD-RjUL
_beng
041 _aeng
082 _223
_a513.3
_bBEE 1972
100 1 _aBell, Robert J. T.
_9151738
245 1 3 _aAn elementary treatise on coordinate geometry of three dimensions /
_cRobert J.T. Bell
250 _a3d ed.
260 _aLondon,
_bMacmillan;
_c1944, [Reprint 1972]
300 _axviii, 377 p. :
_bill ;
_c22 cm.
500 _aindex
650 0 _aGeometry, Analytic
_xSolid.
_9151739
942 _2ddc
_cBK
_07
999 _c50678
_d50678